The psycho-social aspects of stress following abortion /

Bibliographic Details
Main Author: Speckhard, Anne
Format: Book
Language:English
Published: Kansas City, MO : Sheed & Ward, [1987]
Subjects:

MARC

Tag First Indicator Second Indicator Subfields
LEADER 00000cam a2200000 a 4500
001 in00000034288
005 20151007060642.0
008 871210s1987 moua b 00010 eng
010 |a  86063589  
020 |a 1556120591 (pbk.) :  |c $7.95 
035 |a (OCoLC)17003113 
035 |9 AAC1371AM 
040 |a DLC  |c DLC  |d TXA  |d UtOrBLW 
043 |a n-us--- 
049 |a TXAM  |c [A11091304] 
050 0 0 |a HQ767.5.U5  |b S733 1987 
082 0 |a 363.4/6  |2 19 
100 1 |a Speckhard, Anne. 
245 1 4 |a The psycho-social aspects of stress following abortion /  |c Anne Speckhard. 
264 1 |a Kansas City, MO :  |b Sheed & Ward,  |c [1987] 
264 4 |c ©1987 
300 |a viii, 134 pages :  |b illustrations ;  |c 22 cm. 
336 |a text  |b txt  |2 rdacontent 
337 |a unmediated  |b n  |2 rdamedia 
338 |a volume  |b nc  |2 rdacarrier 
500 |a Spine title: Psycho-social stress following abortion. 
504 |a Bibliography: pages 132-134. 
650 0 |a Abortion  |z United States  |x Psychological aspects  |x Case studies. 
650 0 |a Abortion  |x Social aspects  |z United States  |x Case studies. 
650 0 |a Stress (Psychology)  |x Case studies. 
740 0 |a Psycho-social stress following abortion. 
999 |a MARS 
999 f f |s 9ee3c768-82cc-32b5-b8f0-ff1763a8c49f  |i bf11bc88-7eeb-3c38-b101-373dda0def39  |t 0 
952 f f |p normal  |a Texas A&M University  |b College Station  |c Sterling C. Evans Library  |d Evans: Library Stacks  |t 0  |e HQ767.5.U5 S733 1987  |h Library of Congress classification  |i unmediated -- volume  |m A14811091304 
998 f f |a HQ767.5.U5 S733 1987  |t 0  |l Evans: Library Stacks